| 000 | 00459nam a2200181Ia 4500 | ||
|---|---|---|---|
| 008 | 231217s9999 xx 000 0 und d | ||
| 020 | _a8178812517 | ||
| 041 | _aEnglish | ||
| 082 | _a332 VEN;1 R | ||
| 100 | _aVenkatesh, T R ed. | ||
| 245 | 0 | _aIndian financial markets : an introduction | |
| 250 | _a1st ed. | ||
| 260 |
_c2004 _bICFAI Press _aHyderabad |
||
| 300 | _axii, 201 | ||
| 500 | _aContent page available | ||
| 650 | _aICFAI | ||
| 942 | _cAA | ||
| 999 |
_c181516 _d181516 |
||